Movies Quiz

Random Movies or Actor Quiz

Movies: Jay Baruchel Quiz Stats

 Plays Quiz not verified by Sporcle

Score 0/31 Timer 05:00
0 Plays Today
Year Movie % Correct
2013This is the End
72.9%
2019*How to Train Your Dragon: The Hidden World
60%
2007Knocked Up
54.2%
2010*How to Train Your Dragon
50%
2017Goon: Last of the Enforcers
46.7%
2010She's Out of My League
41.7%
2011Goon
39.6%
2014*How to Train Your Dragon 2
39.6%
2010The Sorcerer's Apprentice
29.2%
2004Million Dollar Baby
27.1%
2008Tropic Thunder
22.9%
2000Almost Famous
18.8%
2002The Rules of Attraction
12.5%
2009Fanboys
12.5%
2006I'm Reed Fish
10.4%
2014RoboCop
10.4%
Year Movie % Correct
2007Just Buried
8.3%
2008Real Time
8.3%
2009Night at the Museum: Battle of the Smithsonian
8.3%
2013The Art of the Steal
8.3%
2016Lovesick
6.7%
2019The Kindness of Strangers
6.7%
1999Who Gets the House?
6.3%
2003Nemesis Game
6.3%
2005Fetching Cody
6.3%
2008Nick & Norah's Infinite Playlist
6.3%
2012Cosmopolis
6.3%
2009The Trotsky
4.2%
2010Good Neighbors
4.2%
2014Don Peyote
4.2%
1999Running Home
2.1%

You're not logged in!

Compare scores with friends on all Sporcle quizzes.
OR
Log In

Show Comments

Extras

Top Quizzes Today


Score Distribution

Your Account Isn't Verified!

In order to create a playlist on Sporcle, you need to verify the email address you used during registration. Go to your Sporcle Settings to finish the process.

Report this User

Report this user for behavior that violates our Community Guidelines.

Details: